LIBRARY ONLINE CATALOGUE

Industrial marketing : (Record no. 7228)

MARC details
000 -LEADER
fixed length control field 00768cam a22002292 4500
001 - CONTROL NUMBER
control field 0000006212
005 - DATE AND TIME OF LATEST TRANSACTION
control field 20151217152014.0
008 - FIXED-LENGTH DATA ELEMENTS--GENERAL INFORMATION
fixed length control field 070926s xx 000 0 eng d
020 ## - INTERNATIONAL STANDARD BOOK NUMBER
International Standard Book Number 8120312457 :
Terms of availability KES 1010
040 ## - CATALOGING SOURCE
Original cataloging agency KABU
Transcribing agency KABU
100 1# - MAIN ENTRY--PERSONAL NAME
Personal name Reeder, Robert R.
-- 0000157607
245 10 - TITLE STATEMENT
Title Industrial marketing :
Remainder of title analysis, planning and control. /
Statement of responsibility, etc. Robert R. Reeder, Edward G. Brierty, Betty H. Reeder.
250 ## - EDITION STATEMENT
Edition statement 2nd ed.
260 ## - PUBLICATION, DISTRIBUTION, ETC. (IMPRINT)
Place of publication, distribution, etc. New Delhi :
Name of publisher, distributor, etc. Prentice Hall,
Date of publication, distribution, etc. 1991.
300 ## - PHYSICAL DESCRIPTION
Extent xvi, 670 p.
650 #0 - SUBJECT ADDED ENTRY--TOPICAL TERM
Topical term or geographic name as entry element Industrial marketing
General subdivision Management.
-- 0000157580
700 1# - ADDED ENTRY--PERSONAL NAME
Personal name Brierty, Edward,G.
-- 0000157608
700 1# - ADDED ENTRY--PERSONAL NAME
Personal name Reeder, Betty H.
-- 0000157609
908 ## - PUT COMMAND PARAMETER (RLIN)
Put command parameter 070926
950 ## - LOCAL HOLDINGS (RLIN)
-- 1
Holdings
Withdrawn status Lost status Source of classification or shelving scheme Not for loan Home library Current library Date acquired Total Checkouts Full call number Barcode Date last seen Price effective from Koha item type
    Library of Congress Classification   Kabarak, Main Campus Kabarak, Main Campus 17/12/2015   HF5415.1263 .R44 1991 012949 17/12/2015 17/12/2015 General Collection